Warhammer 40,000 Faction Symbols - Statistics

General Stats
  • This quiz has been taken 615 times
  • The average score is 14 of 18
Answer Stats
Picture Answer % Correct
Orks
90%
Necrons
89%
Chaos
88%
Tyranids
88%
Adeptus Astartes
87%
Astra Militarum
87%
T'au
87%
Adeptus Mechanicus
85%
Imperial Knights
78%
Adepta Sororitas
74%
Death Guard
73%
Aeldari
71%
World Eaters
71%
Thousand Sons
67%
Leagues of Votann
62%
Drukhari
61%
Adeptus Custodes
48%
Genestealer Cults
45%
No matching quizzes found
Score Distribution
Percent of People with Each Score
Percentile by Number Answered
Your Score History
You have not taken this quiz